<?xml version="1.0" encoding="UTF-8"?>
<record
    xmlns:xsi="http://www.w3.org/2001/XMLSchema-instance"
    xsi:schemaLocation="http://www.loc.gov/MARC21/slim http://www.loc.gov/standards/marcxml/schema/MARC21slim.xsd"
    xmlns="http://www.loc.gov/MARC21/slim">

  <leader>00442nam a2200157Ia 4500</leader>
  <controlfield tag="008">230721s2011    xx            000 0 und d</controlfield>
  <datafield tag="020" ind1=" " ind2=" ">
    <subfield code="a">9780723436539 </subfield>
  </datafield>
  <datafield tag="041" ind1=" " ind2=" ">
    <subfield code="a">eng</subfield>
  </datafield>
  <datafield tag="082" ind1=" " ind2=" ">
    <subfield code="a">617.643,TRE</subfield>
  </datafield>
  <datafield tag="100" ind1=" " ind2=" ">
    <subfield code="a">TREVISI, ZANELATO. </subfield>
  </datafield>
  <datafield tag="245" ind1=" " ind2=" ">
    <subfield code="a">STATE OF THE ART ORTHODONTICS SELF LIGATING APPLIANCES MINISCREWS &amp; SECOND MOLAR EXTRACTIONS</subfield>
  </datafield>
  <datafield tag="250" ind1=" " ind2=" ">
    <subfield code="a">1ST</subfield>
  </datafield>
  <datafield tag="260" ind1=" " ind2=" ">
    <subfield code="b">NEW DELHIMOSBY</subfield>
    <subfield code="c">2011</subfield>
  </datafield>
  <datafield tag="300" ind1=" " ind2=" ">
    <subfield code="a">229 </subfield>
  </datafield>
  <datafield tag="650" ind1=" " ind2=" ">
    <subfield code="a">Orthodontics </subfield>
  </datafield>
  <datafield tag="999" ind1=" " ind2=" ">
    <subfield code="c">707014</subfield>
    <subfield code="d">707014</subfield>
  </datafield>
  <datafield tag="952" ind1=" " ind2=" ">
    <subfield code="0">0</subfield>
    <subfield code="1">0</subfield>
    <subfield code="4">0</subfield>
    <subfield code="7">0</subfield>
    <subfield code="a">DCS</subfield>
    <subfield code="b">DCS</subfield>
    <subfield code="d">2019-10-16</subfield>
    <subfield code="e">BHARATI SAHAKARI GRAHAK BHANDER PUNE</subfield>
    <subfield code="g">14475.40</subfield>
    <subfield code="l">1</subfield>
    <subfield code="o">617.643,TRE</subfield>
    <subfield code="p">DCS-BVDS-4874</subfield>
    <subfield code="q">2029-05-01</subfield>
    <subfield code="r">2023-11-09 00:00:00</subfield>
    <subfield code="s">2023-11-09</subfield>
    <subfield code="w">2023-07-21</subfield>
    <subfield code="y">BK</subfield>
  </datafield>
  <datafield tag="952" ind1=" " ind2=" ">
    <subfield code="0">0</subfield>
    <subfield code="1">0</subfield>
    <subfield code="4">0</subfield>
    <subfield code="7">0</subfield>
    <subfield code="a">DCS</subfield>
    <subfield code="b">DCS</subfield>
    <subfield code="d">2019-10-16</subfield>
    <subfield code="e">BHARATI SAHAKARI GRAHAK BHANDER PUNE</subfield>
    <subfield code="g">14475.40</subfield>
    <subfield code="l">0</subfield>
    <subfield code="o">617.643,TRE</subfield>
    <subfield code="p">DCS-BVDS-4873</subfield>
    <subfield code="r">2023-07-21 00:00:00</subfield>
    <subfield code="w">2023-07-21</subfield>
    <subfield code="y">BK</subfield>
  </datafield>
</record>
